| 000 | 00381nam a22001697a 4500 | ||
|---|---|---|---|
| 005 | 20160622104033.0 | ||
| 008 | 160622b xxu||||| |||| 00| 0 eng d | ||
| 020 | _a978-0-07-058355-9 | ||
| 041 | _aeng | ||
| 082 | _b8890 | ||
| 100 |
_aChary,S.N _92447 |
||
| 245 | _aProduction and Operations Mgt. | ||
| 260 | _bTMH | ||
| 300 | _a3610 | ||
| 650 |
_aManagement _9241 |
||
| 942 | _cBK | ||
| 999 |
_c3480 _d3479 |
||